000 01447nam1a22003251 4500
001 RU\NLR\BIBL_A\022483013
005 20250807185219.0
035 _a(NLR Aleph) 022483013
090 _a88660
_c88660
100 _a20250807 rusy50
101 0 _abel
102 _aBY
105 _a j y
181 0 _ai
_baxxe
182 0 _an
200 1 _aГраматыка беларускай мовы
_eпадручнік для непоўнай сярэдняй и сярэдняй школы
_fК. Бязносік і Ю. Шакаль
203 _aТекст
_bвизуальный
_cнепосредственный
205 _aВыд. 4-е, выпр.
210 _aМінск
_cДзяржаўнае выд-ва пры СНК БССР, Вучэбна-педагагічная рэдакцыя
_d1941-
215 _d22
517 1 _aГрамматика белорусского языка
_eучебник для неполной средней и средней школы
_zrus
700 1 _aБезносик
_bК. Д.
_gКауфман Давидович
_3RU\NLR\AUTH\770278083
701 1 _aШакаль
_bЮ. А.
_f1909-1943
_gЮстын Адамавіч
852 _aNLR
_jЯ60 Г-5/164
942 _cBOOK
945 _aРоссийская национальная библиотека
980 _aBV
980 _aBEL